000 00503nam a2200169 i 4500
001 86006
003 ES-MaACL
005 20230906175345.0
007 t|
008 041203s1962 ag ||||1| spa d
100 1 _aKennaway, James.
_967836
245 1 0 _aWhisky y gloria /
_cpor James Kennaway ; [traducción de Consuelo Gironés].
260 _aBuenos Aires :
_bPlaza & Janés,
_c[1962]
300 _a189 p. ;
_c19 cm.
700 1 _aGironés, Consuelo.
_957301
852 _aES-MaACL
_jC-22733
_bR.51509
999 _c86006
_d86006